LEADER 01543nem0-2200433---450 001 990009389740403321 005 20170517120856.0 035 $a000938974 035 $aFED01000938974 035 $a(Aleph)000938974FED01 035 $a000938974 100 $a20110701d1995----km-y0itay50------ba 101 0 $aita 102 $aIT 120 $ab-a------aa-- 121 $aaa-aabb-b$b-------- 123 1 $aa$b1:1750000$de0062000$ee0195000$fn0470000$gn0350000 123 4 $aa$b1:20000000 123 4 $aa$b1:30000000 123 4 $aa$b1:100000000 123 4 $aa$b1:20000000 200 1 $aItalia, cento anni di storia e di costume$bDocumento cartografico$everso il Duemila$eun secolo di avvenimenti, personaggi e grandi imprese$fTouring club italiano 206 $a1:1750000 (E6°20'-E19°50'/N47°-N35°) 206 $a1:20000000 206 $a1:30000000 206 $a1:100000000 206 $a1:20000000 210 $aMilano$cTCI$d1995 215 $a5 carte su 1 foglio$ccolor., ripieg.$d82 x 58, 9 x 8, 11 x 14, 11 x 6, 11 x 14 cm su foglio 61 x 85 cm ripieg. 21 x 16 cm 225 1 $a<>grandi carte del Touring$v1 327 1 $aCarta fisico-politica$aFormazione dello Stato$aMigrazioni interne$aItalia nel mediterraneo$aLingue e dialetti 710 02$aTouring club italiano$05623 801 0$aIT$bUNINA$gRICA$2UNIMARC 901 $aMP 912 $a990009389740403321 952 $aMP UB Tem. 016(1)$bNBG$fILFGE 959 $aILFGE 996 $aItalia, cento anni di storia e di costume$9764226 997 $aUNINA LEADER 01404nam2 2200337 450 001 000019571 005 20061118034918.0 100 $a20061118d1996----km-y0itaa50------ba 101 0 $agrc 102 $aFR 200 1 $aTou en hagiois patros hemon Andreou archiepiskopou Kretes ta euriskomena panta$eaccedunt Joannis Malalae, Theodori Abucarae Carum episcopi scripta tum historica, tum ascetica quae supersunt$ffaccurante et denuo recognoscente J.-P. Migne 210 $aParis$cBrepols$d1996 215 $a1654 col.$d29 cm 225 2 $aPatrologiae graecae 300 $aIn testa al front.: Saeculum 7., anni 675-680 410 1$12001$aPatrologiae graecae$v97 461 1$1001000019510$12001$aPatrologiae cursus completus$v9*5 700 0$aAndreas:$bCretensis$0443167 702 1$aMigne,$bJacques Paul 702 1$aMalasas,$bIoannes 702 1$aAbu Qurrah,$bTawdurus 801 0$aIT$bUniversità della Basilicata - B.I.A.$gRICA$2unimarc 912 $a000019571 996 $aTou en hagiois patros hemon Andreou archiepiskopou Kretes ta euriskomena panta$986745 997 $aUNIBAS BAS $aLETTERE CAT $aSTD049$b01$c20061118$lBAS01$h0153 CAT $aSTD049$b01$c20061118$lBAS01$h0153 CAT $aSTD049$b01$c20061118$lBAS01$h0349 FMT Z30 -1$lBAS01$LBAS01$mBOOK$1BASA1$APolo Storico-Umanistico$2DID$BDidattica$3IC$66255$5F6255$820061118$b1$f98$FConsultazione